000
00300nam a2200109Ia 4500
008
230907s9999||||xx |||||||||||||| ||und||
082
_a
620.11232,MAR
100
_a
Markin,A.A.
_9
115280
245
0
_a
Thermomechanics of elastoplastic deformation
260
_a
Viva Books
_b
New Delhi
_c
2016
942
_c
BK
999
_c
598004
_d
598004